Lord William Bentinck; (Record no. 553150)
[ view plain ]
| 000 -LEADER | |
|---|---|
| fixed length control field | 00515cam a22001571 4500 |
| 082 ## - DEWEY DECIMAL CLASSIFICATION NUMBER | |
| Classification number | 954.031 |
| Author Mark | BOU |
| 100 1# - MAIN ENTRY--PERSONAL NAME | |
| Personal name | Boulger, Demetrius Charles, |
| 9 (RLIN) | 50421 |
| 245 10 - TITLE STATEMENT | |
| Title | Lord William Bentinck; |
| Statement of responsibility, etc. | by Demetrius C. Boulger ... 3d thousand. |
| 260 ## - PUBLICATION, DISTRIBUTION, ETC. | |
| Place of publication, distribution, etc. | Oxford, |
| Name of publisher, distributor, etc. | Clarendon press, |
| Date of publication, distribution, etc. | 1897. |
| 300 ## - PHYSICAL DESCRIPTION | |
| Extent | 214 p. |
| Other physical details | front. (fold. map) |
| Dimensions | 20 cm. |
| 490 1# - SERIES STATEMENT | |
| Series statement | Rulers of India ... [vol. XVII] |
| 500 ## - GENERAL NOTE | |
| General note | Series title also at head of t.-p. |
| 526 ## - STUDY PROGRAM INFORMATION NOTE | |
| Program name | 0 |
| Interest level | 0 |
| Reading level | 0 |
| Title point value | 954_031000000000000_BOU |
| 650 ## - SUBJECT ADDED ENTRY--TOPICAL TERM | |
| Topical term or geographic name entry element | MCE |
| 9 (RLIN) | 379 |
| 942 ## - ADDED ENTRY ELEMENTS (KOHA) | |
| Source of classification or shelving scheme | |
| Koha item type | Book |
| Withdrawn status | Lost status | Source of classification or shelving scheme | Damaged status | Not for loan | Permanent Location | Current Location | Shelving location | Date acquired | Total Checkouts | Full call number | Barcode | Date last seen | Price effective from | Koha item type |
|---|---|---|---|---|---|---|---|---|---|---|---|---|---|---|
| Military College of Engineering (MCE) | Military College of Engineering (MCE) | 01/30/2015 | 954.031 BOU | MCE-ECR .24 | 01/30/2015 | 01/30/2015 | Book |
